| 000 | 01157nam0a22003011 4500 | ||
|---|---|---|---|
| 001 | rc\2970594 | ||
| 005 | 20110907123802.7 | ||
| 035 | _a(NLR Aleph) 007116740 | ||
| 090 |
_a6822141 _c6822141 |
||
| 100 | _a20110907d1934 |||y0rusy50 ca | ||
| 101 | 1 |
_arus _cger |
|
| 102 | _aRU | ||
| 105 | _ay z ||||| | ||
| 200 | 1 |
_a25 лет исследований витамина A _fП. Каррер, Г. Верли _gПер. с нем. сотрудников Лаборатории витаминов ВИЖ'а К.Н. Кржишковского и П. Попандопуло _gПод ред. проф. К.Н. Кржишковского |
|
| 210 |
_a[Москва] _cБ. и. _d1934 |
||
| 215 |
_aОбл., 112 с. _d29х20 см |
||
| 225 | 1 |
_aПроблемы витаминов _v1 |
|
| 300 | _aБез тит. л. | ||
| 300 | _aСтеклогр. изд. | ||
| 700 | 1 |
_aКаррер _bП. _f1889-1971 _gПауль |
|
| 701 | 1 |
_aВерли _bГ. |
|
| 702 | 1 |
_aКржишковский _bК. Н. _4730 |
|
| 702 | 1 |
_aПопандопуло _bП. _4730 |
|
| 801 | 0 |
_aRU _bNLR _gpsbo |
|
| 801 | 1 |
_aRU _bELAR _2rusmarc |
|
| 852 |
_aNLR _j34-20/197(1) |
||
| 942 | _cBOOK | ||
| 980 | _aNB | ||